THE McGRAW-HILL COLLEGE HANDBOOK (Record no. 2984)

MARC details
000 -LEADER
fixed length control field 00361nam a2200133Ia 4500
008 - FIXED-LENGTH DATA ELEMENTS--GENERAL INFORMATION
fixed length control field 221216s9999||||xx |||||||||||||| ||und||
020 ## - INTERNATIONAL STANDARD BOOK NUMBER
International Standard Book Number 0-07-113482-4
040 ## - CATALOGING SOURCE
Transcribing agency Chuka University Library
050 ## - LIBRARY OF CONGRESS CALL NUMBER
Classification number PE 1112
Item number .M37 1994
100 ## - MAIN ENTRY--PERSONAL NAME
Personal name MARIUS,RICHARD
9 (RLIN) 2156
245 #4 - TITLE STATEMENT
Title THE McGRAW-HILL COLLEGE HANDBOOK
260 ## - PUBLICATION, DISTRIBUTION, ETC.
Place of publication, distribution, etc. McGRAW-HILL
Name of publisher, distributor, etc. NEW YORK
Date of publication, distribution, etc. 1994
942 ## - ADDED ENTRY ELEMENTS (KOHA)
Koha item type Long Loan Books
Holdings
Withdrawn status Lost status Source of classification or shelving scheme Damaged status Not for loan Collection Home library Current library Shelving location Date acquired Total Checkouts Full call number Barcode Date last seen Copy number Price effective from Koha item type
    Library of Congress Classification     General Collection Books Embu Campus Library Embu Campus Library General Stacks 02/04/2025   PE 1112.M37 1994 3388/2008 16/12/2022 3 02/04/2025 Long Loan Books

Powered by Koha